№ 331: Физика металлов и металловедение: [сборник]; Труды Ленинградского политехнического института имени М. И. Калинина

Opis bibliograficzny
Parent link:Труды Ленинградского политехнического института имени М. И. Калинина: [сборник]/ Ленинградский политехнический институт им. М. И. Калинина (ЛПИ). № 331: Физика металлов и металловедение.— , 1941-
Kolejni autorzy: Смирнов В. С. (редактор)
Język:rosyjski
Wydane: Ленинград, Изд-во ЛПИ, 1973
Hasła przedmiotowe:
Format: MixedMaterials Książka
KOHA link:https://koha.lib.tpu.ru/cgi-bin/koha/opac-detail.pl?biblionumber=353601

MARC

LEADER 00000nam2a2200000 4500
001 353601
005 20231102010617.0
035 |a (RuTPU)RU\TPU\retro\10858 
035 |a RU\TPU\retro\10765 
090 |a 353601 
100 |a 20200521d1973 k y0rusy50 ca 
101 0 |a rus 
102 |a RU 
200 0 |a № 331: Физика металлов и металловедение  |e [сборник]  |f под ред. В. С. Смирнова 
210 |a Ленинград  |c Изд-во ЛПИ  |d 1973 
215 |a 136 стр. 
461 1 |0 (RuTPU)RU\TPU\retro\9721  |t Труды Ленинградского политехнического института имени М. И. Калинина  |o [сборник]  |f Ленинградский политехнический институт им. М. И. Калинина (ЛПИ)  |v № 331: Физика металлов и металловедение  |d 1941-  
606 1 |a Металловедение  |x Физические основы  |2 stltpush  |3 (RuTPU)RU\TPU\subj\42406  |9 62073 
606 1 |a Металловедение  |x Общие вопросы  |2 stltpush  |3 (RuTPU)RU\TPU\subj\42403  |9 62070 
610 1 |a разрушение 
610 1 |a деформированное состояние 
610 1 |a сплавы 
610 1 |a поверхностный слой 
610 1 |a биметаллы 
610 1 |a растрескивание 
610 1 |a аустенитные стали 
610 1 |a примеси 
610 1 |a старение 
702 1 |a Смирнов  |b В. С.  |4 340 
801 1 |a RU  |b 63413507  |c 20160623 
801 2 |a RU  |b 63413507  |c 20200208  |g RCR 
801 2 |a RU  |b 63413507  |c 20200521  |g RCR 
942 |c BK